Geboren in Bautzen - Statistiken

Allgemein
  • Dieses Quiz wurde 16 mal gespielt
  • Das Durchschnittsergebnis liegt bei 2 aus 7
Antwortstatistiken
Hinweis Antwort % Korrekt
Sängerin von Silbermond 1984 Stefanie Kloß
67%
Rapper, "Beautiful Girl" "Vorankommen" "Schmetterling" 1994 Luciano
60%
Schriftsteller, gilt als einer der Begründer der deutschsprachigen Kriminalerzählungen 1753 August Gottlieb Meißner
7%
bedeutender Maler der Dresdner Kunstszene vor dem Ersten Weltkrieg 1872 Hans Unger
7%
Philosoph und eine der zentralen Persönlichkeiten der akademischen Philosophie des 19. Jahrhunderts 1817 Hermann Lotze
7%
Schauspieler, "Schlaraffenland" "Vergiss Amerika" "Groupies bleiben nicht zum Frühstück" 1970 Roman Knizka
7%
deutsch-sorbische Schauspielerin, "Frau Müller muss weg" 1965 Gabriela Maria Schmeide
0%
Keine übereinstimmenden Quizze gefunden
Verteilung der Resultate
Anzahl Personen mit jedem Resultat
Perzentil nach korrekt beantworteten Fragen
Ihre Resultats-Entwicklung
Sie haben dieses Quiz noch nicht gespielt